|
|
|
|
| LEADER |
00000nab a2200000 a 4500 |
| 001 |
vtls000660597 |
| 003 |
SK-MaSNL |
| 005 |
20260304083437.0 |
| 008 |
250425c1998 xo 0 slo |
| 015 |
|
|
|a SNBRB1998/05-12364
|
| 035 |
|
|
|a CLN000012787
|
| 035 |
|
|
|a urn:nbn:sk:snk-ab2vpi
|
| 035 |
|
|
|a (urnnbn)urn:nbn:sk:snk:ar-a030b0
|
| 035 |
|
|
|a (uuid)e1fe365a-ef80-4bf3-ac52-7810cc7fb814
|
| 040 |
|
|
|a SNKBUCL
|b slo
|c SNKBUCL
|e AACR2
|
| 041 |
0 |
|
|a slo
|
| 044 |
|
|
|a xo
|c SK
|
| 080 |
|
|
|a 908.437.6
|2 1997
|
| 080 |
|
|
|a 908(234.372.4)
|2 1997
|
| 080 |
|
|
|a 796.5:625.711.8
|2 2011
|
| 080 |
|
|
|a 796.5
|2 2011
|
| 100 |
1 |
|
|a Štefánik, Branislav
|4 aut
|9 340118
|
| 245 |
1 |
0 |
|a Lúčanská Fatra - Veľká lúka
|b k najvyšším vrcholom slovenských hôr
|c Branislav Štefánik
|
| 300 |
|
|
|b Fotogr.
|
| 650 |
0 |
7 |
|a turistické chodníky
|2 SNKPH
|9 71065
|
| 650 |
0 |
7 |
|a turistika
|2 SNKPH
|9 683
|
| 651 |
|
7 |
|a Veľká lúka (Malá Fatra, Slovensko : vrch)
|2 snkbucl
|9 14239
|
| 655 |
|
7 |
|a články z novín a časopisov
|2 snkbucl
|9 267496
|
| 773 |
0 |
|
|t Krásy Slovenska
|g Roč. 75, č. 5-6 (1998), s. 23
|x 0323-0643
|
| 850 |
|
|
|a Slovenská národná knižnica
|
| 852 |
|
|
|a Slovenská národná knižnica
|
| 954 |
|
|
|a odborná, vedecká literatúra pôvodná (slovenská)
|2 lita
|
| 958 |
|
|
|a article27
|
| 958 |
|
|
|a OND
|
| 958 |
|
|
|a SK
|
| 958 |
|
|
|a EUIPO
|
| 992 |
|
|
|a RBX
|
| 999 |
|
|
|c 2800539
|d 2802469
|